000
00300nam a2200121Ia 4500
008
230104s9999||||xx |||||||||||||| ||und||
040
_c
Chuka University Library
050
_a
PL 8701
_b
H8K49 1969
100
_a
HUSSEIN,E.N.
245
0
_a
KINJEKITILE
260
_a
OUP
_b
DAR ES SALAAM
_c
1969
942
_c
BK
999
_c
5555
_d
5555